000 00549nas a2200193 4500
001 000037096
003 DLC
005 20200930080134.0
008 120213c20019999dr ar1p dd 0 0spa d
040 _aDO-SdBNP
_bspa
_cBNPHU
043 _anwdr
245 0 0 _aÁgora.
246 1 3 _aÁgora :
260 _aSanto Domingo :,
_c2001
_bOrgano Cultural de la Universidad APEC.
300 _bil., retrs. ;
_c31 cm.
310 _aAnual
362 1 _aJulio 2001 /Junio 2002, año 1: no.2
500 _aCatalogación basada enJulio 2001/ junio 2002 año 1:no.2
999 _c36586
_d36586